=LDR 00000nam 2200000 4500 =001 INLIS000000000809968 =005 20250910102609 =035 ##$$a 0010-0925000093 =007 ta =008 250910###########################0###### =020 ##$$a 978-602-8608-49-7 =082 ##$$a 531.6 =084 ##$$a 531.6 Ayu b =245 ##$$a Benda, Gaya dan Energi /$c Ayudiyah Pitaloka =260 ##$:$b Kelapa Gading Jakarta : PT. Gading Inti Prima., 2017 =300 ##$; $c 70 Hlm :Ilust. ;25cm